书目信息 |
| 题名: |
文化研究:理论与实践
|
|
| 作者: | 金元浦 主编 | |
| 分册: | ||
| 出版信息: | 开封 河南大学出版社 2004 |
|
| 页数: | 17,357页 | |
| 开本: | 23cm | |
| 丛书名: | 新思潮文档 | |
| 单 册: | ||
| 中图分类: | G0-53 | |
| 科图分类: | ||
| 主题词: | 文化理论--文集 | |
| 电子资源: | ||
| ISBN: | 7-81091-086-8 | |
| 000 | 00837oam2 2200241 45 | |
| 001 | 0900000010133 | |
| 005 | 20050927151950.81 | |
| 010 | @a7-81091-086-8@dCNY28.00 | |
| 100 | @a20040828d2004 ekmy0chiy0120 ea | |
| 101 | 0 | @achi |
| 102 | @aCN@b410000 | |
| 105 | @ay z 000yy | |
| 200 | 1 | @a文化研究:理论与实践@Awen hua yan jiu:li lun yu shi jian@f金元浦主编@Fjin yuan pu zhu bian |
| 210 | @a开封@c河南大学出版社@d2004 | |
| 215 | @a17,357页@d23cm | |
| 225 | 2 | @a新思潮文档@f金惠敏总主编 |
| 330 | @a本书主要收录了陈晓明的“文化研究:后-后结构主义时代的来临”、罗钢和孟登迎的“文化研究与反学科的知识实践”、周宪的“文化研究:学科抑或策略”等内容。 | |
| 461 | 0 | @12001 @a新思潮文档 |
| 606 | 0 | @a文化理论@x文集 |
| 690 | @aG0-53@v4 | |
| 701 | 0 | @a金元浦@Ajin yuan pu@4主编 |
| 801 | 0 | @aCN@bTSSF@c20050927 |
| 905 | @a10447@dG0-53@e32 | |
| 文化研究:理论与实践/金元浦主编.-开封:河南大学出版社,2004 |
| 17,357页;23cm.-(新思潮文档/金惠敏总主编) |
| ISBN 7-81091-086-8:CNY28.00 |
| 本书主要收录了陈晓明的“文化研究:后-后结构主义时代的来临”、罗钢和孟登迎的“文化研究与反学科的知识实践”、周宪的“文化研究:学科抑或策略”等内容。 |
| ● |
| 相关链接 |
|
|
|
|
正题名:文化研究:理论与实践
索取号:G0-53/32
 
预约/预借
| 序号 | 登录号 | 条形码 | 馆藏地/架位号 | 状态 | 备注 |
| 1 | 0362694 | 3626945 | 第一样本阅览室/ [索取号:G0-53/32] | 在馆 | |
| 2 | 0362695 | 3626954 | 第四借阅区/ [索取号:G0-53/32] | 在馆 | |
| 3 | 0362696 | 3626963 | 第四借阅区/ [索取号:G0-53/32] | 在馆 |